Online katalóg knižníc regiónu Turca

Odvážna plavba (Record no. 21417)

MARC details
000 -LEADER
fixed length control field 01961cam a2200529 a 4500
001 - CONTROL NUMBER
control field 21417
003 - CONTROL NUMBER IDENTIFIER
control field VRT
005 - DATE AND TIME OF LATEST TRANSACTION
control field 20260302095953.0
008 - FIXED-LENGTH DATA ELEMENTS--GENERAL INFORMATION
fixed length control field 240801q1999 xo af jr 0000j slo
015 ## - NATIONAL BIBLIOGRAPHY NUMBER
National bibliography number SNBA1999/08-02883
020 ## - INTERNATIONAL STANDARD BOOK NUMBER
International Standard Book Number 8071465062
Qualifying information (viazané)
035 ## - SYSTEM CONTROL NUMBER
System control number SNK000315383
035 ## - SYSTEM CONTROL NUMBER
System control number urn:nbn:sk:snk-amkjcy
035 ## - SYSTEM CONTROL NUMBER
System control number urn:nbn:sk:snk-am003okt
035 ## - SYSTEM CONTROL NUMBER
System control number EF599EB5-AFD6-41A7-8ECD-E1BB60D0D00E
039 #9 - LEVEL OF BIBLIOGRAPHIC CONTROL AND CODING DETAIL [OBSOLETE]
Level of rules in bibliographic description 202409131153
Level of effort used to assign nonsubject heading access points msnk160
Level of effort used to assign subject headings 202409131152
Level of effort used to assign classification msnk160
Level of effort used to assign subject headings 202409131152
Level of effort used to assign classification msnk160
Level of effort used to assign subject headings 202409131147
Level of effort used to assign classification msnk160
040 ## - CATALOGING SOURCE
Original cataloging agency SNK
Language of cataloging slo
Transcribing agency SNK
Description conventions AACR2
041 1# - LANGUAGE CODE
Language code of text/sound track or separate title slo
Language code of original eng
044 ## - COUNTRY OF PUBLISHING/PRODUCING ENTITY CODE
MARC country code xo
ISO country code SK
072 #7 - SUBJECT CATEGORY CODE
Subject category code 821.111-3
Subject category code subdivision Anglická próza, anglicky písaná
Source konspekt
072 #7 - SUBJECT CATEGORY CODE
Subject category code 821-93
Subject category code subdivision Literatúra pre deti a mládež (beletria)
Source konspekt
080 ## - UNIVERSAL DECIMAL CLASSIFICATION NUMBER
Universal Decimal Classification number 821.111-34
Edition identifier 2011
080 ## - UNIVERSAL DECIMAL CLASSIFICATION NUMBER
Universal Decimal Classification number 82-34:808.1
Edition identifier 2011
080 ## - UNIVERSAL DECIMAL CLASSIFICATION NUMBER
Universal Decimal Classification number (0.025.2)
Edition identifier 2011
080 ## - UNIVERSAL DECIMAL CLASSIFICATION NUMBER
Universal Decimal Classification number 82-93-053.4/.5
Edition identifier 2011
130 0# - MAIN ENTRY--UNIFORM TITLE
Uniform title Read with me stories
Language of a work Slovensky
245 00 - TITLE STATEMENT
Title Odvážna plavba
250 ## - EDITION STATEMENT
Edition statement Slovenské vyd.
260 ## - PUBLICATION, DISTRIBUTION, ETC.
Place of publication, distribution, etc. Bratislava
Name of publisher, distributor, etc. Junior
Date of publication, distribution, etc. [1999]
300 ## - PHYSICAL DESCRIPTION
Extent 90 strán
Other physical details farebné ilustrácie
Dimensions 23 cm
490 1# - SERIES STATEMENT
Series statement Učím sa čítať. Veľké písmená
500 ## - GENERAL NOTE
General note Ilustrácie na titulnej strane a predsádkach
500 ## - GENERAL NOTE
General note V knihe neuvedený rok vydania. Pravdepodobný rok vydania: 1999
500 ## - GENERAL NOTE
General note Z anglického originálu preložila Katarína Bukovenová
655 #7 - INDEX TERM--GENRE/FORM
Genre/form data or focus term autorské rozprávky
Source of term SNKPH
655 #7 - INDEX TERM--GENRE/FORM
Genre/form data or focus term anglické rozprávky
Source of term SNKPH
655 #7 - INDEX TERM--GENRE/FORM
Genre/form data or focus term ilustrované publikácie
Source of term SNKPH
655 #7 - INDEX TERM--GENRE/FORM
Genre/form data or focus term literatúra pre deti a mládež
Source of term SNKPH
700 1# - ADDED ENTRY--PERSONAL NAME
Personal name Bukovenová, Katarína
Relationship trl
830 #0 - SERIES ADDED ENTRY--UNIFORM TITLE
Uniform title Učím sa čítať
Name of part/section of a work Veľké písmená
942 ## - ADDED ENTRY ELEMENTS (KOHA)
Source of classification or shelving scheme Dewey Decimal Classification
Koha item type Krásna literatúra pre deti
Suppress in OPAC No
949 ## - LOCAL PROCESSING INFORMATION (OCLC)
6 273K0220775
a svkpoB 67346
b svkpo435062
949 ## - LOCAL PROCESSING INFORMATION (OCLC)
6 17A0191918
a snkSC 98569
b snkKSP 5006/99
s 6100:20140925
949 ## - LOCAL PROCESSING INFORMATION (OCLC)
6 17A0191919
a snkSC 98569 D1
b snkKSP 5007/99
Holdings
Stav vyradenia Strata Poškodenie Spôsob nadobudnutia Domovská knižnica Aktuálna knižnica Dátum nadobudnutia Total checkouts Čiarový kód exemplára Date last seen Typ exemplára
      Dar Obecná knižnica Turčianska Štiavnička Obecná knižnica Turčianska Štiavnička 02.03.2026   4738000101 02.03.2026 Krásna literatúra pre deti
Projekt je podporený Slovenskou asociáciou knižníc
Prevádzkuje Turčianska knižnica Martin 2026